Catálogo
 En Linea

Perfil militar dominicano de Máximo Gómez / (Registro nro. 54696)

Detalles MARC
000 -CABECERA
campo de control de longitud fija 00871nam a2200253 i 4500
003 - IDENTIFICADOR DEL NÚMERO DE CONTROL
campo de control DO-SdBNP
005 - FECHA Y HORA DE LA ÚLTIMA TRANSACCIÓN
campo de control 20240305131246.0
008 - DATOS DE LONGITUD FIJA--INFORMACIÓN GENERAL
campo de control de longitud fija 100406s1995 dr ac 000 0bspa d
040 ## - FUENTE DE LA CATALOGACIÓN
Centro catalogador/agencia de origen DO-SdBNP
Lengua de catalogación spa
Centro/agencia transcriptor BNPHU
Normas de descripción rda
082 #4 - NÚMERO DE LA CLASIFICACIÓN DECIMAL DEWEY
Número de clasificación 923.57293
Número de documento/Ítem G633G, 1995
Número de edición 22
100 1# - ENTRADA PRINCIPAL--NOMBRE DE PERSONA
Nombre de persona Gutiérrez Félix, Euclides,
Fechas asociadas al nombre 1936-
9 (RLIN) 5673
245 10 - MENCIÓN DE TÍTULO
Título Perfil militar dominicano de Máximo Gómez /
Mención de responsabilidad, etc. Euclides Gutiérrez Félix.
264 #1 - PRODUCCIÓN, PUBLICACIÓN, DISTRIBUCIÓN, FABRICACIÓN Y COPYRIGHT
Producción, publicación, distribución, fabricación y copyright [Santo Domingo] :
Nombre del de productor, editor, distribuidor, fabricante [sin editora],
Fecha de producción, publicación, distribución, fabricación o copyright [1995].
300 ## - DESCRIPCIÓN FÍSICA
Extensión 47 páginas
Otras características físicas ilustraciones., retratos
Dimensiones 21 cm.
336 ## - TIPO DE CONTENIDO
Fuente rdacontent
Término de tipo de contenido texto
Código de tipo de contenido txt
337 ## - TIPO DE MEDIO
Fuente rdamedia
Nombre/término del tipo de medio sin mediación
Código del tipo de medio n
338 ## - TIPO DE SOPORTE
Fuente rdacarrier
Nombre/término del tipo de soporte volumen
Código del tipo de soporte nc
504 ## - NOTA DE BIBLIOGRAFÍA, ETC.
Nota de bibliografía, etc. Bibliografía p: 47
590 ## - NOTA LOCAL (RLIN)
Nota local Inventariado, 2023/ YL
600 10 - PUNTO DE ACCESO ADICIONAL DE MATERIA--NOMBRE DE PERSONA
Nombre de persona Gómez, Máximo,
Fechas asociadas al nombre 1836-1905
9 (RLIN) 12249
651 #4 - PUNTO DE ACCESO ADICIONAL DE MATERIA--NOMBRE GEOGRÁFICO
Nombre geográfico República Dominicana
Subdivisión de forma Biografías
9 (RLIN) 1083
910 ## - DATOS DE OPCIÓN DEL USUARIO (OCLC)
Datos de opción del usuario YLockward
942 ## - ELEMENTOS DE PUNTO DE ACCESO ADICIONAL (KOHA)
Fuente del sistema de clasificación o colocación Dewey Decimal Classification
Tipo de ítem Koha Folleto
Existencias
Estado de retiro Estado de pérdida Fuente del sistema de clasificación o colocación Restricciones de uso No para préstamo Código de colección Localización permanente Ubicación/localización actual Ubicación en estantería Fecha de adquisición Fuente de adquisición Total de préstamos Signatura topográfica completa Código de barras Fecha visto por última vez Precio válido a partir de Tipo de ítem Koha Nota pública
    Dewey Decimal Classification Excluido de préstamo   Dominicana Folletos Biblioteca Nacional Pedro Henríquez Ureña Biblioteca Nacional Pedro Henríquez Ureña Depósito 01.12.2014 Barbara Suncar   BNPHU F-PD 923.57293 G633g 1995 2023-5759 12.09.2023 12.09.2023 Folleto Perteneció a la biblioteca personal de Bárbara Suncar

Con tecnología Koha